Postavenie Grónska v rámci medzinárodného spoločenstva bakalárska práca

Gespeichert in:
Bibliographische Detailangaben
1. Verfasser: Ballová, Lívia
Körperschaft: Fakulta medzinárodných vzťahov EU. Katedra medzinárodného práva
Weitere Verfasser: Harakaľová, Dorota, 1989-
Format: Buch
Sprache:Slowakisch
Veröffentlicht: Bratislava 2018
Tags: Tag hinzufügen
Keine Tags, Fügen Sie das erste Tag hinzu!

MARC

LEADER 00000nbm a2200000 4500
001 0244555
005 20180803090232.7
041 0 |a slo 
044 |a SK 
245 1 0 |a Postavenie Grónska v rámci medzinárodného spoločenstva  |b bakalárska práca  |c Lívia Ballová ; školiteľ: Dorota Harakaľová 
264 1 |a Bratislava  |c 2018 
300 |a 42 s. 
100 1 |a Ballová, Lívia 
700 1 |a Harakaľová, Dorota, 1989- 
710 2 |a Fakulta medzinárodných vzťahov EU. Katedra medzinárodného práva